000 00973nam a22003257a 4500
003 CHAP
005 20220329133400.0
008 971013s1967 us r 00010 eng d
010 _a5720
011 _a6692
035 _a5914
040 _cCHAP
082 0 4 _a519.233
_bM3
100 0 0 _aMartín, James John.
_971744
245 1 _aBayesian decision problemas and Markov chains
260 _aNew York :
_bWiley,
_c1967
300 _a202 p.
500 _a59-110
590 _aBATCH-UPD
_b10
_c20130110
_lUCH01
_h0101
590 _aBATCH-UPD
_b10
_c20130110
_lUCH01
_h1628
590 _aBATCH-UPD
_b10
_c20130409
_lUCH01
_h2051
590 _aBATCH-UPD
_b10
_c20130914
_lUCH01
_h1800
590 _aCONVERSION
_b10
_c20130109
_lUCH01
_h1304
650 1 4 _aProbabilidades.
_991687
650 1 4 _aProceso de Markov.
_991822
650 1 4 _aToma de decisiones.
_9113662
901 _aBK
942 _cLIBRO
949 _a519.233 M3
_bBC
_cLIBRO
_d33724000126421
_eLIBRO
_h82459
_i5914
_si
_t75.00
999 _c5720
_d5720